000 00622nam a2200205 a 4500
005 20140310183141.0
008 020823s19uu xx 00 eng d
020 _a9838997838
050 _aHD 62.15
_b.K45 1997
100 _aKelada, Joseph N.
245 _aIntegrating reengineering with total quality /
_cJoseph N. Kelada.
260 _aMalaysia :
_bPercetakan Sooriya,
_c1997.
300 _a471 p. :
_bill. col. ;
_c22 cm.
521 _aBSBA
650 _aTotal quality management
650 _aOrganizarional change
_xmanagement
650 _aCorporate reorganization
942 _cBK
_2lcc
_kFOR
999 _c19393
_d19393